Developments in the law of treaties, 1945-1986 / (Record no. 5748)

MARC details
000 -LEADER
fixed length control field 01836cam a2200457Ma 4500
001 - CONTROL NUMBER
control field on1057943688
003 - CONTROL NUMBER IDENTIFIER
control field OCoLC
005 - DATE AND TIME OF LATEST TRANSACTION
control field 20200814173727.0
008 - FIXED-LENGTH DATA ELEMENTS--GENERAL INFORMATION
fixed length control field 880810s1989 enk b 001 0 eng d
010 ## - LIBRARY OF CONGRESS CONTROL NUMBER
LC control number 8802005680
015 ## - NATIONAL BIBLIOGRAPHY NUMBER
National bibliography number GB8851256
Source bnb
016 7# - NATIONAL BIBLIOGRAPHIC AGENCY CONTROL NUMBER
Record control number 000005986118
Source AU
020 ## - INTERNATIONAL STANDARD BOOK NUMBER
International Standard Book Number 0521333180
020 ## - INTERNATIONAL STANDARD BOOK NUMBER
International Standard Book Number 9780521333184
035 ## - SYSTEM CONTROL NUMBER
System control number (OCoLC)1057943688
040 ## - CATALOGING SOURCE
Original cataloging agency AU@
Language of cataloging eng
Transcribing agency AU@
Modifying agency OCLCO
-- OCLCF
-- OCLCQ
049 ## - LOCAL HOLDINGS (OCLC)
Holding library TZAA
050 00 - LIBRARY OF CONGRESS CALL NUMBER
Classification number JX4165
Item number .R64 1989
100 1# - MAIN ENTRY--PERSONAL NAME
Personal name Rosenne, Shabtai.
245 10 - TITLE STATEMENT
Title Developments in the law of treaties, 1945-1986 /
Statement of responsibility, etc Shabtai Rosenne.
260 ## - PUBLICATION, DISTRIBUTION, ETC. (IMPRINT)
Place of publication, distribution, etc Cambridge [Cambridgeshire] ;
-- New York :
Name of publisher, distributor, etc Cambridge University Press,
Date of publication, distribution, etc 1989.
300 ## - PHYSICAL DESCRIPTION
Extent xxxv, 535 pages ;
Dimensions 23 cm.
490 1# - SERIES STATEMENT
Series statement Cambridge studies in international and comparative law. New series
500 ## - GENERAL NOTE
General note Includes index.
504 ## - BIBLIOGRAPHY, ETC. NOTE
Bibliography, etc Includes bibliographical references and index.
505 0# - FORMATTED CONTENTS NOTE
Formatted contents note Unaddressed issues in the codified law of treaties -- The role of the written arrangement in international relations and international law -- Good faith in the codified law of treaties -- Is the constituent instrument of an international organization an international treaty? -- The settlement of treaty disputes under the Vienna conventions -- The United Nations and the law of treaties.
650 #0 - SUBJECT ADDED ENTRY--TOPICAL TERM
Topical term or geographic name as entry element Treaties
General subdivision History.
650 #0 - SUBJECT ADDED ENTRY--TOPICAL TERM
Topical term or geographic name as entry element Treaty-making power
General subdivision History.
650 #7 - SUBJECT ADDED ENTRY--TOPICAL TERM
Topical term or geographic name as entry element Treaties.
Source of heading or term fast
650 #7 - SUBJECT ADDED ENTRY--TOPICAL TERM
Topical term or geographic name as entry element Treaty-making power.
Source of heading or term fast
9 (RLIN) 842
653 ## - INDEX TERM--UNCONTROLLED
Uncontrolled term International law
653 ## - INDEX TERM--UNCONTROLLED
Uncontrolled term Exercise of power
653 ## - INDEX TERM--UNCONTROLLED
Uncontrolled term Treaties and conventions
653 ## - INDEX TERM--UNCONTROLLED
Uncontrolled term UN conventions
653 ## - INDEX TERM--UNCONTROLLED
Uncontrolled term Treaty ratification
653 ## - INDEX TERM--UNCONTROLLED
Uncontrolled term History
653 ## - INDEX TERM--UNCONTROLLED
Uncontrolled term Overseas item
655 #7 - INDEX TERM--GENRE/FORM
Genre/form data or focus term History.
Source of term fast
830 #0 - SERIES ADDED ENTRY--UNIFORM TITLE
Uniform title Cambridge studies in international and comparative law.
Name of part/section of a work New series.
942 ## - ADDED ENTRY ELEMENTS (KOHA)
Source of classification or shelving scheme Library of Congress Classification
Koha item type Books
Holdings
Home library Current library Date acquired Full call number Barcode Koha item type Public note
African Court on Human and Peoples' Rights Library African Court on Human and Peoples' Rights Library 14/08/2020 JX4165 .R64 1989 10203036 Books Donation by the International Law Book Facility (ILBF)

African Court on Human and Peoples' Rights | For Inquiries Contact » +255 272 510 510